[Event "JUG-chT"]
[Site "Cetinje"]
[Date "1993.??.??"]
[Round "?"]
[White "Itkis, Boris"]
[Black "Martinovic, Slobodan"]
[Result "0-1"]
[WhiteElo "2430"]
[BlackElo "2465"]

1.d4 Nf6 2.Nf3 g6 3.c4 Bg7 4.g3 O-O 5.Bg2 d6 6.O-O Nc6 7.Nc3 Bf5 8.b3 Na5
9.Bb2 c5 10.Re1 Nc6 11.d5 Nb4 12.Nh4 Bd7 13.a3 Na6 14.e4 Rb8 15.f4 Ng4 16.e5 dxe5
17.h3 Nh6 18.fxe5 b5 19.cxb5 Bxb5 20.Nxb5 Rxb5 21.Bf1 Rb6 22.Bc4 Nc7 23.Bc3 Nb5
24.Bb2 e6 25.dxe6 fxe6 26.Qxd8 Rxd8 27.Rad1 Nd4 28.Kg2 Nhf5 29.Nf3 Bh6 30.Rd3 Kf7
31.Re4 Nxf3 32.Rxd8 Nd2 33.Rd7+ Ke8 34.Rxd2 Bxd2 35.Kf3 Kf7 36.g4 Nh4+ 37.Ke2 Bg5
38.Bc3 Rb7 39.b4 cxb4 40.Bxb4 Rd7 41.Bb5 Rc7 42.Bd6 Rc2+ 43.Kd3 Rh2 44.Rc4 Rxh3+
45.Kc2 Nf3 46.Rc7+ Kg8 47.Rc8+ Kg7 48.Rc7+ Kg8 49.Be8 h5 50.Bf7+ Kh8 51.gxh5 gxh5
52.Rc4 Rh2+ 53.Kd3 h4 54.Bxe6 h3 55.Rc8+ Kg7 56.Rc7+ Kg6 57.Bxh3 Rxh3 58.e6 Nh4+
59.Kc4 Nf5 60.Bc5 Rh1 61.Kb5 Rc1 62.Rc6 Be7 63.a4 Bxc5 64.e7+ Kf7 65.Rxc5 Nd4+  0-1

[Event "JUG-chT"]
[Site "Cetinje"]
[Date "1993.??.??"]
[Round "?"]
[White "Jakovljevic, Vlado"]
[Black "Djuric, Petar"]
[Result "1/2-1/2"]
[WhiteElo "2290"]
[BlackElo "2170"]

1.Nf3 Nf6 2.c4 g6 3.d4 Bg7 4.g3 O-O 5.Bg2 d6 6.O-O Nbd7 7.Nc3 e5 8.e4 c6
9.h3 Qb6 10.c5 dxc5 11.dxe5 Ne8 12.Na4 Qa6 13.Bg5 b5 14.Nc3 Nc7 15.Be7 Re8
16.Bd6 Ne6 17.Qd2 Bb7 18.a4 b4 19.Ne2 Rad8 20.Qc2 Nd4 21.Nexd4 cxd4 22.Nxd4 Nxe5
23.Bxe5 Bxe5 24.Nb3 Qb6 25.a5 Qb5 26.Rfd1 Bd6 27.Nd4 Qc5 28.Qxc5 Bxc5 29.Nb3 Bf8
30.f3 Ba6 31.Bf1 Bxf1 32.Kxf1 Bg7 33.Ke2 Bxb2 34.Rab1 Bc3 35.Nc5 Rxd1 36.Rxd1 Re5
37.Nb3 f5 38.Rd7 fxe4 39.Rxa7 exf3+ 40.Kxf3 c5 41.Rc7 Re8 42.Rxc5 Kf7 43.Rc7+ Ke6
44.Rxh7 Kd5 45.Rc7 Rf8+ 46.Ke3 Be1 47.Rc5+ Kd6 48.Rg5 Rf6 49.Kd4 Kc6 50.Kc4 Kb7
51.Nc5+ Ka7 52.Nd3 Bd2 53.Rd5 Rf3 54.Ne5 Rc3+ 55.Kxb4 Be1 56.Kb5 Rb3+ 57.Ka4 Rxg3
58.Rd7+ Kb8 59.Kb5 Bxa5 60.Kxa5 Rxh3 61.Kb6 Rb3+ 62.Kc6 Rc3+ 63.Kd6 Kc8 64.Ra7 Rc1
65.Nd3 Rd1 66.Kc6 Kd8 67.Nf4 Rc1+ 68.Kd6 Rd1+ 69.Nd5 Ke8 70.Re7+ Kf8 71.Re2 Kf7
72.Rf2+ Kg7 73.Rf3 g5 74.Ke5 Re1+ 75.Kf5  1/2-1/2

[Event "JUG-chT"]
[Site "Cetinje"]
[Date "1993.??.??"]
[Round "?"]
[White "Jakovljevic, Vlado"]
[Black "Jesic, Dusan"]
[Result "0-1"]
[WhiteElo "2290"]
[BlackElo "2340"]

1.Nf3 Nf6 2.c4 g6 3.d4 Bg7 4.g3 O-O 5.Bg2 d6 6.O-O c6 7.Nc3 Qa5 8.h3 Nbd7
9.e4 e5 10.d5 cxd5 11.cxd5 Nc5 12.Bd2 Qb6 13.Qc2 Bd7 14.Be3 Rfc8 15.Nd2 a5
16.Rfc1 Qd8 17.a4 Ne8 18.Nc4 Rab8 19.Qd1 b6 20.Na3 Nxa4 21.Nxa4 Rxc1 22.Rxc1 b5
23.Nb6 Rxb6 24.Bxb6 Qxb6 25.Qd2 Bf6 26.Bf1 Kg7 27.Qe3 Qb8 28.Kg2 h6 29.Qb3 b4
30.Nc4 Bg5 31.Rc2 a4 32.Qd3 f5 33.f3 fxe4 34.fxe4 Bd8 35.Nd2 Bb6 36.Be2 b3
37.Rc1 Bd4 38.Nc4 Bb5 39.Qd2 Nf6 40.Bd3 g5 41.Qe2 Be8 42.Na5 Bc5 43.Rf1 Bg6
44.Qf3 Qf8 45.Nc6 Bb6 46.g4 Bc5 47.Kg3 Bxe4 48.Qd1 Bxd5 49.Na5 Be3 50.h4 Bf4+
51.Kh3 Qa8 52.Rxf4 gxf4  0-1

[Event "JUG-chT"]
[Site "Cetinje"]
[Date "1993.??.??"]
[Round "?"]
[White "Blagojevic, Dragisa"]
[Black "Popovic, Petar"]
[Result "1-0"]
[WhiteElo "2465"]
[BlackElo "2520"]

1.d4 Nf6 2.c4 g6 3.Nf3 Bg7 4.g3 O-O 5.Bg2 d6 6.O-O Nbd7 7.Nc3 e5 8.h3 Re8
9.e4 exd4 10.Nxd4 a6 11.b3 Rb8 12.Bg5 h6 13.Be3 c5 14.Nde2 b5 15.Qxd6 b4
16.Na4 Nxe4 17.Bxe4 Rxe4 18.Rad1 Bf8 19.Qxb8  1-0

[Event "JUG-chT"]
[Site "Cetinje"]
[Date "1993.??.??"]
[Round "?"]
[White "Vukic, Milan"]
[Black "Itkis, Boris"]
[Result "0-1"]
[WhiteElo "2460"]
[BlackElo "2430"]

1.Nf3 g6 2.c4 Bg7 3.d4 Nf6 4.g3 O-O 5.Bg2 d6 6.O-O Nbd7 7.Nc3 e5 8.e4 exd4
9.Nxd4 Re8 10.h3 a6 11.Re1 Rb8 12.a4 a5 13.Ndb5 Nc5 14.Be3 b6 15.Qc2 Bb7
16.Bd4 Ne6 17.Be3 Nc5 18.Bd2 c6 19.Nd4 Nfd7 20.Be3 Ne5 21.b3 Ned3 22.Re2 Nb4
23.Qd1 d5 24.exd5 cxd5 25.cxd5 Nxd5 26.Nxd5 Bxd5 27.Nc6 Bxc6 28.Bxc6 Rxe3
29.Rxe3 Qf6 30.Rc1 Qxc6 31.Rc4 Re8 32.Rxe8+ Qxe8 33.b4 Nxa4 34.Qd6 Bf8 35.Qc7 axb4
36.Rd4 b3  0-1

[Event "Ceuta"]
[Site "Ceuta"]
[Date "1993.??.??"]
[Round "7"]
[White "Izeta Txabarri, Felix"]
[Black "Cramling, Pia"]
[Result "0-1"]
[WhiteElo "2510"]
[BlackElo "2525"]

1.d4 Nf6 2.Nf3 g6 3.c4 Bg7 4.g3 O-O 5.Bg2 d6 6.O-O Nc6 7.Nc3 a6 8.d5 Na5
9.Nd2 c5 10.Qc2 e5 11.a3 b6 12.b4 Nb7 13.Rb1 Qc7 14.e4 Bd7 15.Qd3 Ng4 16.f3 Nh6
17.Rf2 f5 18.Nb3 Rac8 19.bxc5 Nxc5 20.Nxc5 Qxc5 21.Rb3 Ng4  0-1

[Event "Cherepovets"]
[Site "Cherepovets"]
[Date "1993.??.??"]
[Round "?"]
[White "Dokuchaev, Aleksander"]
[Black "Cherniaev, Alexander"]
[Result "1/2-1/2"]
[WhiteElo "2405"]
[BlackElo "2435"]

1.d4 d6 2.g3 g6 3.Bg2 Bg7 4.Nf3 Nf6 5.c4 O-O 6.O-O c6 7.Nc3 Nbd7 8.h3 e5
9.e4 Qb6 10.c5 dxc5 11.dxe5 Ne8 12.Na4 Qb5 13.Bg5 Nc7 14.Be7 Re8 15.Bd6 Ne6
16.Qc2 c4 17.Nc3 Qa5 18.b4 cxb3 19.axb3 Qd8 20.Rfd1 b5 21.Nd5 Bb7 22.Ne3 Qb6
23.Nf5 gxf5 24.exf5 Nef8 25.f6 Nxf6 26.exf6 Bxf6 27.Bc5 Qc7 28.Bd4 Re6 29.Bxf6 Rxf6
30.Qc3 Re6 31.Nd4 Qe5 32.f4 Qf6 33.Qc5 Ree8 34.Kf2 Re7 35.Nxc6 Rc7 36.Qd4 Qf5
37.Ne5 Ne6 38.Qe3 Rc2+ 39.Rd2 Rxd2+ 40.Qxd2 Rd8 41.Qe2 Nd4 42.Qg4+ Qxg4 43.Nxg4 Nxb3
44.Ra3 Rd2+ 45.Ke1 Rxg2 46.Rxb3 a6 47.Rd3 Kg7 48.Ne3 Ra2 49.Nf5+ Kg6 50.g4 Be4
51.Rd6+ f6 52.g5 Bxf5 53.Rxf6+ Kg7 54.Rxf5 b4 55.Kd1 b3 56.Kc1 a5 57.Rb5 a4
58.Rb4 Kg6 59.h4 h5 60.gxh6 Kxh6 61.f5  1/2-1/2

[Event "Clichy"]
[Site "Clichy"]
[Date "1993.??.??"]
[Round "2"]
[White "Verat, Laurent"]
[Black "Moingt, Jean Claude"]
[Result "1/2-1/2"]
[WhiteElo "2285"]
[BlackElo "2220"]

1.d4 Nf6 2.Nf3 g6 3.c4 Bg7 4.g3 O-O 5.Bg2 d6 6.Nc3 c6 7.O-O Bf5 8.Ne1 Qd7
9.e4 Bh3 10.Nd3 Bxg2 11.Kxg2 Na6 12.f3 Ne8 13.Be3 Nec7 14.Qe2 Rfc8 15.a3 d5
16.cxd5 cxd5 17.e5 Nb5 18.Nxb5 Qxb5 19.Rf2 Rc7 20.f4 Rac8 21.Nc5 Qxe2 22.Rxe2 Nb8
23.Rc1 b6 24.Nb3 f5  1/2-1/2

[Event "CZE Tschechien-ch"]
[Site "?"]
[Date "1993.??.??"]
[Round "5"]
[White "Mozny, Milos"]
[Black "Meduna, Eduard"]
[Result "1/2-1/2"]
[WhiteElo "2395"]
[BlackElo "2470"]

1.d4 Nf6 2.Nf3 g6 3.g3 Bg7 4.Bg2 O-O 5.c4 d6 6.O-O Nc6 7.Nc3 e5 8.dxe5 Nxe5
9.Nxe5 dxe5 10.Qxd8 Rxd8  1/2-1/2

[Event "CZE Tschechien-ch"]
[Site "?"]
[Date "1993.??.??"]
[Round "8"]
[White "Hala, Bohumil"]
[Black "Belaska, Premysl"]
[Result "1/2-1/2"]
[WhiteElo "2215"]
[BlackElo "2255"]

1.d4 Nf6 2.Nf3 d6 3.c4 g6 4.g3 Bg7 5.Bg2 O-O 6.O-O Nc6 7.h3 a6 8.Nc3 Rb8
9.Qc2 Bd7 10.e4 b5 11.cxb5 axb5 12.Be3 Na5 13.b4 Nc4 14.Bc1 c5 15.bxc5 dxc5
16.e5 Ne8 17.dxc5 Nxe5 18.Nxe5 Bxe5 19.Rd1 b4 20.c6 Nd6 21.cxd7 Bxc3 22.Rb1 Qxd7
23.a3 Rbc8 24.axb4 Bxb4 25.Qb3 Bc5 26.Bh6 Rfd8 27.Qb2 f6 28.Qe2  1/2-1/2

[Event "CZE-ch"]
[Site "?"]
[Date "1993.??.??"]
[Round "10"]
[White "Cech, Pavel"]
[Black "Rasik, Vitezslav"]
[Result "1/2-1/2"]
[WhiteElo "2315"]
[BlackElo "2415"]

1.d4 g6 2.c4 Bg7 3.g3 Nf6 4.Bg2 d6 5.Nf3 O-O 6.O-O Nc6 7.Nc3 Bf5 8.Ne1 Na5
9.e4 Bg4 10.f3 Bd7 11.b3 c5 12.Nc2 cxd4 13.Nxd4 a6 14.Be3 Rb8 15.Rc1 b5 16.cxb5 axb5
17.Nd5 e5 18.Ne2 Nxd5 19.Qxd5  1/2-1/2

[Event "CZE-chT"]
[Site "?"]
[Date "1993.??.??"]
[Round "?"]
[White "Matlak, Marek"]
[Black "Rasik, Vitezslav"]
[Result "1/2-1/2"]
[WhiteElo "2430"]
[BlackElo "2415"]

1.d4 Nf6 2.Nf3 g6 3.c4 Bg7 4.g3 O-O 5.Bg2 d6 6.O-O Nc6 7.d5 Na5 8.Nfd2 c6
9.a3 Nd7 10.Ra2 Nb6 11.b3 cxd5 12.cxd5 e6 13.b4 Nac4 14.Nxc4 Nxc4 15.dxe6 fxe6
16.Nd2 Ne5 17.Bb2 a5 18.Qa1 axb4 19.axb4 Rxa2 20.Qxa2 Qb6 21.Bxe5 Bxe5 22.Nc4 Qxb4
23.Nxe5 dxe5 24.Rc1 b5 25.Bh3 Kh8 26.Bxe6 Bb7 27.Bd5 Ra8 28.Qb3 Qxb3 29.Bxb3 Rc8
30.Rd1  1/2-1/2

[Event "DEN-chT9394"]
[Site "DEN"]
[Date "1993.??.??"]
[Round "1"]
[White "Bentzen, Eric"]
[Black "Sogaard, Soren"]
[Result "0-1"]
[WhiteElo "2315"]
[BlackElo "2290"]

1.d4 g6 2.c4 Bg7 3.Nf3 d6 4.g3 Nf6 5.Bg2 O-O 6.O-O Nc6 7.Nc3 Bf5 8.d5 Na5
9.Nd2 c6 10.h3 cxd5 11.cxd5 Rc8 12.Nb3 Ne8 13.Nd4 Bd7 14.e4 Qb6 15.Nde2 Nc7
16.Rb1 Qa6 17.Re1 b5 18.a3 Nc4 19.Nd4 e5 20.Nc2 Ne8 21.Qd3 Qa5 22.Ra1 Qc7
23.Ne3 f5 24.Nxc4 bxc4 25.Qe2 f4 26.g4 Bf6 27.Bd2 Bh4 28.Rec1 Nf6 29.Be1 h5
30.f3 Bxe1 31.Qxe1 hxg4 32.hxg4 Nxg4 33.Bh3 Qb6+ 34.Kg2 Ne3+ 35.Kh2 Bxh3
36.Kxh3 Kg7 37.Kh2 Rh8+ 38.Kg1 Nc2+ 39.Qf2 Qxf2+ 40.Kxf2 Nxa1 41.Rxa1 Rh2+  0-1

[Event "DEN-chT9394"]
[Site "DEN"]
[Date "1993.??.??"]
[Round "2"]
[White "Nielsen, Uffe V"]
[Black "Hvenekilde, Jorgen"]
[Result "1-0"]
[WhiteElo "2350"]
[BlackElo "2320"]

1.d4 Nf6 2.Nf3 g6 3.c4 Bg7 4.g3 O-O 5.Bg2 d6 6.O-O Nc6 7.Nc3 Bf5 8.d5 Na5
9.Nd2 c6 10.b4 Nxd5 11.cxd5 Bxc3 12.e4 Bxa1 13.exf5 cxd5 14.bxa5 e6 15.fxe6 fxe6
16.Nb3 Bg7 17.Nd4 Bxd4 18.Qxd4 Qxa5 19.Bb2 e5 20.Bxd5+ Kg7 21.Qe4 Rac8 22.Bb3 Rc6
23.f4 h5 24.Rd1 Rf5 25.Kg2 Qb5 26.Rd5 Qa6 27.Qe1 Rc5 28.Rxc5 dxc5 29.Bxe5+ Kh6
30.Qe4 Qb5 31.Bc3 Qc6 32.Qxc6 bxc6 33.Be5 Rf8 34.Kf3 Rd8 35.Ke3 h4 36.g4 h3
37.Be6 Rd1 38.Ke2 Rg1 39.Kf3 Re1 40.Kf2 Rh1 41.f5 gxf5 42.gxf5 Rd1 43.f6 Rd2+
44.Ke3 Rd8 45.f7 Kg6 46.Bc7  1-0

[Event "DEN-chT9394"]
[Site "DEN"]
[Date "1993.??.??"]
[Round "3"]
[White "Jelling, Erik"]
[Black "Sogaard, Soren"]
[Result "0-1"]
[WhiteElo "2400"]
[BlackElo "2290"]

1.d4 Nf6 2.Nf3 g6 3.c4 Bg7 4.g3 O-O 5.Bg2 d6 6.O-O Nc6 7.Nc3 e5 8.h3 h6 9.d5 Ne7
10.e4 Nd7 11.Ne1 f5 12.Nd3 g5 13.exf5 Nxf5 14.Ne4 Nf6 15.Kh2 Nxe4 16.Bxe4 Qf6
17.Be3 Nd4 18.f3 Bf5 19.g4 Bxe4 20.fxe4 Qe7 21.Bxd4 exd4 22.Qe2 Be5+ 23.Kg2 Bf4
24.Nxf4 gxf4 25.Rad1 Qe5 26.Qd3 Rae8 27.Kf3 Qg5 28.Rg1 Qh4 29.Qf1 Re5 30.Rxd4 Rfe8
31.Qg2 c5 32.dxc6 bxc6 33.Ke2 d5 34.cxd5 cxd5 35.Qf3 Rxe4+ 36.Rxe4 Rxe4+
37.Kd1 Qf6 38.Rg2 Qd4+ 39.Rd2 Qg1+ 40.Kc2 Rc4+ 41.Kd3 Qb1+  0-1

[Event "DEN-chB"]
[Site "DEN"]
[Date "1993.??.??"]
[Round "4"]
[White "Fedder, Steen"]
[Black "Hutters, Tomas"]
[Result "1-0"]
[WhiteElo "2380"]
[BlackElo "2445"]

1.d4 Nf6 2.c4 g6 3.g3 Bg7 4.Bg2 O-O 5.Nf3 d6 6.O-O Nbd7 7.Nc3 e5 8.b3 a6
9.Qc2 Rb8 10.Rd1 Re8 11.dxe5 dxe5 12.Bb2 Qe7 13.Nd2 c6 14.Nde4 Nxe4 15.Nxe4 Nc5
16.Ba3 Bf5 17.Qc1 Bxe4 18.Bxe4 Rbd8 19.Qe3 Rd4 20.Bxc6 bxc6 21.Rxd4 exd4
22.Qxe7 Rxe7 23.Bxc5 Rxe2 24.Kf1 Rc2 25.Rd1 Rxa2 26.Bxd4 Bxd4 27.Rxd4 Rb2
28.Rd8+ Kg7 29.Ra8 Ra2 30.Rc8 Rb2 31.Rxc6 Rxb3 32.Rxa6 Rc3 33.Rc6 Kf8 34.Rc7 Rc2
35.g4 h6 36.h4 Ke8 37.Kg2  1-0

[Event "DEN-chB"]
[Site "DEN"]
[Date "1993.??.??"]
[Round "6"]
[White "Bentzen, Eric"]
[Black "Hvenekilde, Jorgen"]
[Result "1/2-1/2"]
[WhiteElo "2315"]
[BlackElo "2320"]

1.d4 Nf6 2.Nf3 g6 3.c4 Bg7 4.g3 O-O 5.Bg2 d6 6.O-O Nc6 7.Nc3 Bf5 8.d5 Na5
9.Nd2 c6 10.h3 cxd5 11.cxd5 Rc8 12.Nb3 Nc4 13.Nd4 Bd7 14.e3 a6 15.Nce2 e5
16.dxe6 fxe6 17.b3 Na5 18.e4 d5 19.exd5 Nxd5 20.Bb2 Ne7 21.Rc1 e5 22.Nf3 Nac6
23.Ng5 Bh6 24.Bd5+ Kg7 25.h4 Bxg5 26.hxg5 Bg4 27.Bc4 Qxd1 28.Rcxd1 b5 29.Bd3 Rcd8
30.Nf4 Bxd1 31.Ne6+ Kg8 32.Nxd8 Bg4 33.Nxc6 Nxc6 34.Rc1 Bf3 35.Re1 Rd8 36.Be4 Bxe4
37.Rxe4 Rd2 38.Bxe5 Nxe5 39.Rxe5 Rxa2 40.Re7 Rb2 41.Ra7 Rxb3 42.Rxa6 Kf7
43.Kg2 b4 44.Rb6 Ke7 45.Rb7+ Ke6 46.Rxh7 Kf5 47.Rf7+ Kxg5 48.Kh3 Rb1 49.f4+ Kh6
50.Rb7 Rb2 51.g4 Rb3+ 52.Kg2 Rb1 53.Kf3 Rf1+ 54.Ke4 Re1+ 55.Kf3 Rf1+ 56.Ke4 Re1+
57.Kd3 Rg1 58.g5+ Kh5 59.Rxb4 Kg4 60.Ke4 Re1+ 61.Kd5  1/2-1/2

[Event "DEN-chB"]
[Site "DEN"]
[Date "1993.??.??"]
[Round "7"]
[White "Jelling, Erik"]
[Black "Borge, Nikolaj"]
[Result "1/2-1/2"]
[WhiteElo "2400"]
[BlackElo "2410"]

1.c4 Nf6 2.d4 g6 3.Nf3 Bg7 4.g3 O-O 5.Bg2 d6 6.O-O Nbd7 7.Qc2 e5 8.Rd1 Re8
9.h3 c6 10.dxe5 dxe5 11.e4 Qc7 12.Be3 b6 13.Nc3 Ba6 14.Bf1 Nf8 15.a4 Rad8
16.a5 Rxd1 17.Qxd1 Bc8 18.Qa4 N6d7 19.b4 Ne6 20.axb6 axb6 21.Rd1 Bb7 22.h4 Ra8
23.Qb3 Rd8 24.c5 bxc5 25.Ng5 Ndf8 26.Nxe6  1/2-1/2

[Event "Arab-ch8 Doha"]
[Site "Doha"]
[Date "1993.??.??"]
[Round "9"]
[White "Bennis, Zakaria"]
[Black "El Taher, Fouad"]
[Result "0-1"]
[WhiteElo "2310"]
[BlackElo "2400"]

1.Nf3 Nf6 2.g3 g6 3.Bg2 Bg7 4.c4 d6 5.d4 O-O 6.Nc3 Nbd7 7.O-O e5 8.e4 c6
9.h3 Qb6 10.dxe5 Nxe5 11.Nxe5 dxe5 12.Qc2 Be6 13.Be3 Qa5 14.Ne2 Rfd8 15.Rfb1 Bf8
16.a3 Rd7 17.b4 Qa6 18.Rc1 Bxc4 19.Nc3 Rad8 20.Qb2 Ne8 21.b5 Qa5 22.bxc6 bxc6
23.Nd1 Qe1+ 24.Kh2 Rxd1 25.Rxd1 Rxd1 26.Rxd1 Qxd1 27.Qxe5 Qd7 28.Qc3 Qd3
29.Qe5 Be6 30.Qb8 Qd7 31.a4 c5 32.a5 a6 33.e5 c4 34.Qb6 Nc7 35.Bc6 Qe7 36.Qb8 c3
37.Ba4 Nd5 38.Bh6 Qc5 39.Kg2 Qc8 40.Qxc8 Bxc8 41.Bg5 Bb4 42.Bd8 Bf5  0-1

[Event "Dortmund op-A"]
[Site "Dortmund"]
[Date "1993.??.??"]
[Round "2"]
[White "Schmidt, Peter"]
[Black "Nickl, Klaus"]
[Result "1-0"]
[WhiteElo "2410"]
[BlackElo "2225"]

1.d4 Nf6 2.Nf3 g6 3.c4 Bg7 4.g3 O-O 5.Bg2 d6 6.O-O Nc6 7.Nc3 a6 8.h3 Rb8
9.e4 b5 10.e5 dxe5 11.dxe5 Qxd1 12.Rxd1 Nd7 13.e6 fxe6 14.cxb5 axb5 15.Be3 b4
16.Na4 Nb6 17.Nxb6 cxb6 18.Rac1 Ne5 19.Nd4 Bd7 20.b3 Rfc8 21.Nc2 Bb5 22.Nxb4 Be2
23.Rxc8+ Rxc8 24.Rb1 b5 25.f4 Nd3 26.Nc6 Kf7 27.a4 bxa4 28.bxa4 Nb2 29.a5 Bc4
30.Ne5+ Bxe5 31.fxe5 Nd3 32.Bb7 Rb8 33.a6 Bxa6 34.Rf1+ Kg8 35.Bxa6 Nxe5 36.Bf4 Rb6
37.Bc8 Nf7 38.Re1 e5 39.Bxe5 Nxe5 40.Rxe5 Kf7 41.Kf2 Kf6 42.Re3 e5 43.Kf3 h5
44.Ra3 Kg7 45.Ke4 h4 46.g4 Rc6 47.Bb7 Rb6 48.Bd5 Kf6 49.Rc3 Kg5 50.Rc6 Rb5
51.Bf7 Rb4+ 52.Kxe5 Rb5+ 53.Ke4 Rb4+ 54.Ke3  1-0

[Event "Dortmund op-A"]
[Site "Dortmund"]
[Date "1993.??.??"]
[Round "5"]
[White "Straub, Peter"]
[Black "Dietrich, Ralf"]
[Result "1/2-1/2"]
[WhiteElo "2170"]
[BlackElo "2295"]

1.d4 Nf6 2.c4 g6 3.Nf3 Bg7 4.g3 O-O 5.Bg2 d6 6.O-O Nbd7 7.Qc2 e5 8.Nc3 Re8
9.Rd1 e4 10.Ng5 e3 11.fxe3 Ng4 12.e4 Nf8 13.h3 Nh6 14.Be3 Nf5 15.Bf2 Nxg3
16.Nxf7 Nxe2+ 17.Qxe2 Kxf7 18.Qf3+ Kg8 19.Rf1 Ne6 20.Ne2 Ng5 21.Qd3 Qe7 22.Nf4 c6
23.Rac1 Ne6 24.Nxe6 Bxe6 25.d5 Bd7 26.Bd4 c5 27.Bxg7 Qxg7 28.Rc2 Qe5 29.Rcf2 Rf8
30.Qd2 Kg7 31.b3 b5 32.Rxf8 Rxf8 33.Rxf8 Kxf8 34.cxb5 Bxb5 35.Qa5 a6 36.a4 Bd3
37.Qd8+ Kg7 38.Qd7+ Kh6 39.Qd8 Bc2 40.Qf8+ Kh5 41.Qf3+ Kh6  1/2-1/2

[Event "Dortmund op-A"]
[Site "Dortmund"]
[Date "1993.??.??"]
[Round "6"]
[White "Busch, Klaus"]
[Black "Souleidis, Georgios"]
[Result "1-0"]
[WhiteElo "2385"]
[BlackElo "2305"]

1.Nf3 Nf6 2.c4 g6 3.d4 Bg7 4.g3 O-O 5.Bg2 d6 6.Nc3 Nc6 7.O-O e5 8.d5 Ne7
9.e4 Ne8 10.b4 h6 11.Bb2 f5 12.exf5 gxf5 13.Nh4 f4 14.Ne4 Nf6 15.c5 Nf5 16.Nxf5 Bxf5
17.Re1 Rf7 18.Qe2 Qf8 19.Rac1 Bg6 20.Nxf6+ Rxf6 21.Qb5 b6 22.cxd6 cxd6 23.Rc7 h5
24.Bh3 fxg3 25.fxg3 Bh6 26.Bc1 Bxc1 27.Rexc1 Qh6 28.Qe2 Raf8 29.Rf1 Rxf1+
30.Bxf1 Rf7 31.Rc6 Bf5 32.Qxe5 Qd2 33.Rxd6 Bg4 34.Rd8+ Rf8 35.Rxf8+ Kxf8
36.Qf6+ Kg8 37.Qg6+ Kf8 38.Qf6+ Kg8 39.Qd8+ Kg7 40.Qe7+ Kg6 41.Qd6+ Kg7 42.Qe7+ Kg8
43.Qe8+ Kg7 44.Qe5+ Kg6 45.Qe4+ Bf5 46.Qe8+ Kf6 47.Qh8+ Kg6 48.Qg8+ Kf6 49.Qf8+ Kg6
50.Qd6+ Kh7 51.Qe5 Kg6 52.Be2 Qc1+ 53.Kf2 Qc8 54.Qd6+ Kg7 55.Bxh5 Qc2+ 56.Be2 Qe4
57.Qc7+ Kg6 58.Qc6+ Kh7 59.Qc4 Qh1 60.Qh4+ Kg7  1-0

[Event "Dortmund op-A"]
[Site "Dortmund"]
[Date "1993.??.??"]
[Round "7"]
[White "Blechzin, Igor"]
[Black "Speckner, Roland"]
[Result "1-0"]
[WhiteElo "2355"]
[BlackElo "2250"]

1.Nf3 Nf6 2.c4 g6 3.g3 Bg7 4.d4 O-O 5.Bg2 d6 6.O-O Nbd7 7.Nc3 e5 8.e4 c6
9.h3 Qb6 10.Re1 exd4 11.Nxd4 Ne8 12.Nc2 Ne5 13.Be3 Qc7 14.Bf1 Be6 15.Na3 f5
16.f4 Nf7 17.Bd4 Bd7 18.Nc2 Nf6 19.e5 dxe5 20.fxe5 Ne4 21.Nxe4 fxe4 22.Rxe4 Bf5
23.Rf4 Nxe5 24.Ne3 Be6 25.Kg2 Rad8 26.Rxf8+ Rxf8 27.Bc3 Qf7 28.Qe2 Nf3 29.Bxg7 Bxh3+
30.Kh1 Bxf1 31.Rxf1 Qxg7 32.Rxf3 Rxf3 33.Qxf3 Qxb2 34.a4 Qa1+ 35.Qd1 Qc3
36.Qd8+ Kf7 37.Qd7+ Kf6 38.Qd6+ Kf7 39.Qf4+ Ke6 40.Kg2 a5 41.Kf3 Qb4 42.Qc7 h5
43.Qg7 Qb1 44.Kf4  1-0

[Event "Dortmund op-A"]
[Site "Dortmund"]
[Date "1993.??.??"]
[Round "7"]
[White "Maiwald, Jens Uwe"]
[Black "Micic, Jordanka"]
[Result "1-0"]
[WhiteElo "2400"]
[BlackElo "2280"]

1.d4 Nf6 2.c4 g6 3.Nf3 Bg7 4.g3 O-O 5.Bg2 d6 6.O-O Nbd7 7.Qc2 c6 8.Nc3 Re8
9.Rd1 e5 10.e4 Qa5 11.h3 Nf8 12.d5 c5 13.Rb1 Bd7 14.a3 Qc7 15.Qe2 Rec8 16.Be3 a6
17.Nd2 Ne8 18.b4 b6 19.Rb3 f5 20.f4 Ra7 21.Rdb1 Qd8 22.Qf2 Qe7 23.bxc5 bxc5
24.Kh1 exf4 25.Bxf4 g5 26.Be3 f4 27.gxf4 gxf4 28.Bxf4 Ng6 29.Ne2 Ne5 30.Qe3 Rac7
31.Ng3 Ng4 32.Qe2 Bd4 33.Nf3 Nf2+ 34.Kh2 Bg4 35.Rf1 Qf6 36.Bd2 Be5 37.Qxf2 Bxf3
38.Rxf3  1-0

[Event "Dortmund op-A"]
[Site "Dortmund"]
[Date "1993.??.??"]
[Round "9"]
[White "Maiwald, Jens Uwe"]
[Black "Dietrich, Ralf"]
[Result "1-0"]
[WhiteElo "2400"]
[BlackElo "2295"]

1.d4 Nf6 2.Nf3 g6 3.c4 Bg7 4.g3 O-O 5.Bg2 d6 6.O-O Nbd7 7.Qc2 e5 8.Rd1 Re8
9.e4 c6 10.Nc3 Qe7 11.d5 c5 12.Ne1 h6 13.Nd3 Nh7 14.a3 Ndf8 15.b4 b6 16.a4 Bd7
17.bxc5 bxc5 18.Rb1 Rab8 19.Bd2 f5 20.a5 h5 21.a6 h4 22.f3 hxg3 23.hxg3 Bf6
24.Rb7 Rxb7 25.axb7 Rb8 26.Rb1 Be8 27.Qb3 Bg5 28.f4 exf4 29.gxf4 Bf6 30.e5 dxe5
31.fxe5 Bxe5 32.Nxe5 Qxe5 33.Re1 Qd6 34.Nb5 Qb6 35.Bf4 Qxb7 36.Qc3 Bxb5 37.cxb5 Qxb5
38.Bxb8 Qxb8 39.Re7  1-0

[Event "Dortmund op-A"]
[Site "Dortmund"]
[Date "1993.??.??"]
[Round "10"]
[White "Stangl, Markus"]
[Black "Krojanski, Hans Georg"]
[Result "1-0"]
[WhiteElo "2505"]
[BlackElo "2310"]

1.Nf3 g6 2.d4 Bg7 3.c4 Nf6 4.g3 O-O 5.Bg2 d6 6.O-O Nc6 7.Nc3 a6 8.b3 e5 9.dxe5 dxe5
10.Ba3 Re8 11.Ng5 h6 12.Nge4 Nxe4 13.Bxe4 Be6 14.Na4 f5 15.Bxc6 bxc6 16.Qxd8 Raxd8
17.Rfd1 Kf7 18.Bb4 e4 19.Rac1 g5 20.Bc3 Bxc3 21.Nxc3 Rd6 22.c5 Rxd1+ 23.Rxd1 Ke7
24.f3 e3 25.Rd4 Kf6 26.f4 Bf7 27.Kf1 Bh5 28.Nd1 a5 29.Ke1 gxf4 30.gxf4 Rb8
31.Nxe3 Rb5 32.Rd7 Rxc5 33.Rxc7 Bf7 34.Kd2 Be6 35.Ra7 Bf7 36.Kd3 Be6 37.Nc4 Rd5+
38.Ke3 Rd1 39.Nxa5 c5 40.Nc6 Rh1 41.Ra6 Bc8 42.Ra8 Be6 43.Nd8 Bd5 44.Ra6+ Ke7
45.Nc6+ Ke8 46.Ra8+ Kd7 47.Ne5+ Kc7 48.Rf8 Be4 49.Rf7+ Kc8 50.Nc4 Bb1 51.Nd2 Bc2
52.Rf6 Rxh2 53.Nf3 Rh1 54.Rc6+ Kb7 55.Rxc5 Bb1 56.a4 Be4 57.Nd2  1-0

[Event "Dortmund op-A"]
[Site "Dortmund"]
[Date "1993.??.??"]
[Round "11"]
[White "Bischof, Detlef"]
[Black "Tomic, Dragoslav"]
[Result "1/2-1/2"]
[WhiteElo "2350"]
[BlackElo "2205"]

1.d4 d6 2.Nf3 Nf6 3.c4 g6 4.g3 Bg7 5.Bg2 O-O 6.O-O Nbd7 7.Nc3 e5 8.e4 exd4
9.Nxd4 Nc5 10.f3 a5 11.Be3 Nfd7 12.Qc2 Ne5 13.b3 Bd7 14.Rad1 Qc8 15.Nd5 Re8
16.Bg5 Be6 17.Nxe6 Nxe6 18.Nf6+ Bxf6 19.Bxf6 h6 20.f4 Ng4 21.Bb2 Qb8 22.Qc3 Kf8
23.f5 gxf5 24.exf5 Qa7+ 25.Kh1 Ng5 26.Qg7+ Ke7  1/2-1/2

[Event "Dortmund op-A"]
[Site "Dortmund"]
[Date "1993.??.??"]
[Round "11"]
[White "Lingnau, Carsten"]
[Black "Micic, Jordanka"]
[Result "1-0"]
[WhiteElo "2415"]
[BlackElo "2280"]

1.d4 Nf6 2.Nf3 g6 3.c4 Bg7 4.g3 O-O 5.Bg2 d6 6.O-O c6 7.Nc3 Nbd7 8.e4 e5
9.h3 exd4 10.Nxd4 Qb6 11.Nde2 Ne8 12.Qc2 Nc5 13.Be3 f5 14.exf5 Bxf5 15.Qd2 Qb4
16.b3 a5 17.g4 Bc8 18.Rfb1 Be6 19.a3 Qb6 20.Na4 Qd8 21.Nxc5 dxc5 22.Qxd8 Rxd8
23.Bxc5 Bxa1 24.Bxf8 Kxf8 25.Rxa1 a4 26.bxa4 Bxc4 27.Nc3 Nf6 28.g5 Nd5 29.Ne4 Nf4
30.Nf6 Ne6 31.Rb1 Ba6 32.h4 Kg7 33.Bf1 Bxf1 34.Rxb7+ Kf8 35.Nxh7+ Ke8 36.Nf6+ Kf8
37.Kxf1 Rd4 38.Nh7+ Ke8 39.Nf6+ Kd8 40.Rb4 Rd3 41.Re4 Ke7 42.Ng4 Kd6 43.Ne5 Rxa3
44.Nc4+  1-0

[Event "Dresden (Women)"]
[Site "Dresden"]
[Date "1993.??.??"]
[Round "?"]
[White "Baginskaite, Kamile"]
[Black "Umanskaya, Irina"]
[Result "1/2-1/2"]
[WhiteElo "2325"]
[BlackElo "2305"]

1.d4 Nf6 2.Nf3 g6 3.c4 Bg7 4.g3 O-O 5.Bg2 d6 6.O-O Nbd7 7.Nc3 e5 8.e4 exd4
9.Nxd4 Re8 10.h3 a6 11.Re1 Rb8 12.f4 h5 13.Nc2 Nc5 14.Rb1 Bd7 15.Nd4 Ne6
16.Nf3 Nc5 17.Nd4 Ne6 18.Nf3 Nc5  1/2-1/2

[Event "Dublin zt"]
[Site "Dublin"]
[Date "1993.??.??"]
[Round "1"]
[White "McNab, Colin Anderson"]
[Black "Noyce, Robert"]
[Result "1-0"]
[WhiteElo "2490"]
[BlackElo "2245"]

1.c4 Nf6 2.Nf3 g6 3.g3 d6 4.d4 Bg7 5.Bg2 O-O 6.O-O c6 7.b3 Bf5 8.Bb2 Qc7
9.Nh4 Be4 10.f3 Bxb1 11.Qxb1 e5 12.e3 Nbd7 13.Qd3 Rfe8 14.Rad1 exd4 15.exd4 Re7
16.Bh3 Rae8 17.Ng2 d5 18.Rf2 c5 19.cxd5 Nxd5 20.dxc5 Nb4 21.Qb5 Nc6 22.Bxg7 Kxg7
23.Nf4 Re1+ 24.Rxe1 Rxe1+ 25.Kg2 a6 26.Qc4 Nf6 27.Qc3 Rd1 28.b4 Qd8 29.a3 Na7
30.a4 Qe8 31.Re2 Qxa4 32.Qe5 Nc6 33.Nh5+ gxh5 34.Qg5+ Kf8 35.Qxf6 Qa1 36.Qh6+  1-0

[Event "Dublin zt"]
[Site "Dublin"]
[Date "1993.??.??"]
[Round "3"]
[White "McNab, Colin Anderson"]
[Black "Clarke, Thomas"]
[Result "1-0"]
[WhiteElo "2490"]
[BlackElo "2205"]

1.Nf3 d6 2.c4 Nf6 3.g3 g6 4.d4 Bg7 5.Bg2 O-O 6.O-O Nc6 7.Nc3 e5 8.d5 Ne7
9.c5 Bg4 10.Qb3 Qc8 11.cxd6 cxd6 12.e4 Nd7 13.Qa3 Nc5 14.b4 Nd3 15.Bd2 Qc4
16.Nd1 Bxf3 17.Bxf3 f5 18.Ne3 Qd4 19.Bc3 Qb6 20.Nc4 Qc7 21.Nb2 Rac8 22.Bd2 Nxb2
23.Qxb2 fxe4 24.Bxe4 Qc4 25.Rfe1 Nf5 26.Rac1 Qb5 27.Kg2 a5 28.Rxc8 Rxc8 29.Qb1 a4
30.Qd3 Qd7 31.Rc1 Nd4 32.Rxc8+ Qxc8 33.h4 b5 34.h5 gxh5 35.Bxh7+ Kh8 36.Qg6 Qg4
37.Qxg4 hxg4 38.Bg6 Nf3 39.Bc3 a3 40.Be4 Kg8 41.Bf5 Bh6 42.Bxg4 Nd4 43.Bxd4 exd4
44.Be2 Bd2 45.Bxb5 Bxb4 46.f4 Bd2 47.Kf3 Kf7 48.Bd3 Kf6 49.g4 Kg7 50.g5 Be3
51.Kg4  1-0